| 000 | 004200000a22001570004500 | ||
|---|---|---|---|
| 020 | _a978-1-4095-0193-0 | ||
| 082 | 0 | 4 | _aB W340f |
| 100 | 1 | _aWatt, Fiona | |
| 245 | 1 | 0 | _aÉste no es mi mono... / Fiona Watt ; ilustraciones Rachel Wells ; Traducción Isabel Sánchez Gallego |
| 260 | _aLondres : Usborne | ||
| 300 | _a[10 P.] | ||
| 440 | 0 | _aíToca, Toca! | |
| 650 | 1 | 4 | _aLibro con texturas |
| 001 | 2018 | ||
| 942 | _cLGB | ||
| 999 |
_c49168 _d49168 |
||